Online
Catalog

Introducción al estudio del régimen alimenticio del pájaro carpintero (Melanerpes striatus V.) en la República Dominicana / (Record no. 28763)

MARC details
000 -CABECERA
campo de control de longitud fija 00858nam a2200217 a 4500
001 - NÚMERO DE CONTROL
campo de control 000029271
005 - FECHA Y HORA DE LA ÚLTIMA TRANSACCIÓN
campo de control 20200930055435.0
008 - DATOS DE LONGITUD FIJA--INFORMACIÓN GENERAL
campo de control de longitud fija 110414s1981 dr a 000 0 spa d
040 ## - FUENTE DE LA CATALOGACIÓN
Centro catalogador/agencia de origen DO-SdBNP
Lengua de catalogación spa
Centro/agencia transcriptor BNPHU
082 ## - NÚMERO DE LA CLASIFICACIÓN DECIMAL DEWEY
Número de clasificación xxx
Número de documento/Ítem A325i
049 ## - FONDOS LOCALES (OCLC)
Fondos de biblioteca BNPD
100 1# - ENTRADA PRINCIPAL--NOMBRE DE PERSONA
Nombre de persona Albaine Pons, José R.
9 (RLIN) 56159
245 10 - MENCIÓN DE TÍTULO
Título Introducción al estudio del régimen alimenticio del pájaro carpintero (Melanerpes striatus V.) en la República Dominicana /
Mención de responsabilidad, etc. José R Albaine Pons; Gilberto Grullón Peña.
260 ## - PUBLICACIÓN, DISTRIBUCIÓN, ETC.
Lugar de publicación, distribución, etc. San Pedro de Macorís :
Nombre del editor, distribuidor, etc. Universidad Central del Este (UCE),
Fecha de publicación, distribución, etc. 1981.
Fabricante Editora Taller
300 ## - DESCRIPCIÓN FÍSICA
Extensión 19 p. :
Otras características físicas il. ;
Dimensiones 21 cm.
490 1# - MENCIÓN DE SERIE
Mención de serie Cuadernos de la UCE
Designación de volumen o secuencia no. 5
500 ## - NOTA GENERAL
Nota general Incluye notas al pie de las páginas
504 ## - NOTA DE BIBLIOGRAFÍA, ETC.
Nota de bibliografía, etc. Bibliografía : p. 18-19
700 1# - PUNTO DE ACCESO ADICIONAL--NOMBRE DE PERSONA
Nombre de persona Grullón Peña, Gilberto
9 (RLIN) 56160
830 #0 - PUNTO DE ACCESO ADICIONAL DE SERIE-TÍTULO UNIFORME
Título uniforme Cuadernos de la UCE ;
Designación de volumen o secuencia no. 5
9 (RLIN) 56161
Holdings
Estado de retiro Estado de pérdida Restricciones de uso No para préstamo Código de colección Localización permanente Ubicación/localización actual Ubicación en estantería Fecha de adquisición Número de inventario Total de préstamos Signatura topográfica completa Código de barras Fecha visto por última vez Precio válido a partir de Tipo de ítem Koha Número de copia
        Patrimonio Dominicano Patrimonio Dominicano Patrimonio Dominicano En catalogación 14.04.2011 LF1   xxx A325i 29271-10 25.06.2020 25.06.2020 Libro y Folleto Colección Patrimonio Dominicano  
      Préstamo restrigido Patrimonio Dominicano Patrimonio Dominicano Patrimonio Dominicano En catalogación 14.04.2011 LF1   xxx A325i 29271-20 25.06.2020 25.06.2020 Libro y Folleto Colección Patrimonio Dominicano e. 2
        Dominicana de Servicio Patrimonio Dominicano Patrimonio Dominicano En catalogación 15.04.2011 LF1   xxx A325i 29271-30 25.06.2020 25.06.2020 Libro y Folleto Colección Dominicana de Servicio e. 3

Powered by Koha